| 000 | 00931njm a22002417a 4500 | ||
|---|---|---|---|
| 005 | 20100904124045.0 | ||
| 006 | a|||||r|||||00| 0 | ||
| 007 | sd ammalaaahaa | ||
| 008 | 100830t xxu||||| |||| 00| 0 eng d | ||
| 028 |
_aHLD.8522 _bLondon Americal Recordings |
||
| 035 | _aGR-576 | ||
| 040 |
_aSED _cSED |
||
| 100 | _917814 | ||
| 245 |
_aRaunchy / _cby Billy Vaughn and his Orchestra _h[soung recording] : |
||
| 246 | _aरोंची / | ||
| 260 | _bLondon American Recordings | ||
| 300 |
_a1 sound disc [Gramophone Recording] : _banalog, 33 1/3 rpm _c9.5 in (MP) _fGramophone Record |
||
| 500 | _aBrief record | ||
| 505 | _aSide-2 सैल अलोंग सिल्वेरी मून (Sail along silvery moon) (Billy Vaughn and his orchestra) | ||
| 650 |
_bMotion Picture Music _xExcerpts. _zIndia _917460 |
||
| 942 |
_2ddc _cGR |
||
| 999 |
_c43749 _d43749 |
||